Stolice po fińsku - Statystyki

Ogólne statystyki
  • Ten quiz został rozwiązany 424 razy
  • Średni wynik to 14 z 15
Statystyki odpowiedzi
Fiński Polskie % Poprawnych
Kööpenhamina Kopenhaga
100%
Moskova Moskwa
100%
Praha Praga
100%
Vilna Wilno
100%
Ateena Ateny
99%
Lissabon Lizbona
98%
Pariisi Paryz
98%
Varsova Warszawa
98%
Kiova Kijów
97%
Rooma Rzym
97%
Vatikaani Watykan
96%
Riika Ryga
85%
Bryssel Bruksela
80%
Lontoo Londyn
77%
Tukholma Sztokholm
71%
Nie znaleziono quizów pasujących do podanych kryteriów
Rozkład punktacji
Procent ludzi z każdym wynikiem
Percentyl według liczby udzielonych odpowiedzi
Twoja historia wyników
Nie rozwiązałeś tego quizu